[Event "Staatsliga B/Mitte"]
[Site "St. Valentin"]
[Date "1999.01.23"]
[Round "6"]
[White "Portisch, Ferenc"]
[Black "Bischoff, Klaus"]
[Result "1/2-1/2"]
[WhiteElo "2375"]
[BlackElo "2550"]
[PlyCount "42"]
[EventDate "1998.11.27"]

1. d4 e6 2. c4 b6 3. e4 Bb7 4. Bd3 Nc6 5. Nf3 Nb4 6. O-O Ne7 7. Nc3 Nxd3 8.
Qxd3 Ng6 9. a3 Be7 10. Bd2 O-O 11. Rfe1 d6 12. d5 e5 13. Ne2 Qd7 14. Ng3 Rfc8
15. b4 c6 16. a4 a6 17. b5 cxb5 18. cxb5 Bd8 19. Nf5 Ne7 20. Nxe7+ Qxe7 21. Bb4
Qd7 1/2-1/2

[Event "Staatsliga B/Mitte"]
[Site "St. Valentin"]
[Date "1999.01.23"]
[Round "6"]
[White "Tkaczuk, Rainer"]
[Black "Klundt, Klaus"]
[Result "1/2-1/2"]
[WhiteElo "2260"]
[BlackElo "2355"]
[PlyCount "52"]
[EventDate "1998.11.27"]

1. e4 c5 2. Nf3 Nc6 3. Bb5 g6 4. O-O Bg7 5. Re1 Nf6 6. e5 Nd5 7. Nc3 Nc7 8.
Bxc6 dxc6 9. Ne4 Ne6 10. d3 O-O 11. Be3 b6 12. Qd2 Re8 13. Bh6 Bh8 14. Ng3 Nd4
15. Nxd4 cxd4 16. b3 Qd5 17. Bf4 c5 18. a4 Bb7 19. f3 Rac8 20. Re2 Rc6 21. Rae1
Re6 22. h4 Rd8 23. Ne4 Rc6 24. Bg5 Re6 25. Bf4 Rc6 26. Bg5 Re6 1/2-1/2

[Event "Staatsliga B/Mitte"]
[Site "St. Valentin"]
[Date "1999.01.23"]
[Round "6"]
[White "Hager, Franz Dr."]
[Black "Karner, Christoph"]
[Result "1-0"]
[WhiteElo "2240"]
[BlackElo "2175"]
[PlyCount "95"]
[EventDate "1998.11.27"]

1. d4 Nf6 2. c4 g6 3. Nc3 Bg7 4. e4 O-O 5. Be2 d6 6. Bg5 Na6 7. Qd2 c5 8. d5
Nc7 9. h4 e6 10. h5 exd5 11. cxd5 b5 12. f3 Bd7 13. Qf4 Qe7 14. hxg6 fxg6 15.
Qh2 Nce8 16. Nh3 h6 17. Bd2 b4 18. Nd1 Nh5 19. g4 Be5 20. Qg2 Qh4+ 21. Nhf2 Qg3
22. Qxg3 Nxg3 23. Rxh6 Nxe2 24. Kxe2 Bb5+ 25. Nd3 Bg7 26. Rxg6 c4 27. f4 cxd3+
28. Ke3 Nf6 29. Nf2 Kf7 30. Rg5 Bd7 31. Bxb4 Bh6 32. Bxd6 Bxg5 33. fxg5 Nxg4+
34. Nxg4 Bxg4 35. Bxf8 Kxf8 36. Kxd3 Ke7 37. Rh1 Kd6 38. Kd4 Re8 39. e5+ Kc7
40. Rh7+ Kb6 41. Rh4 Bf5 42. e6 Bb1 43. Ke5 Bxa2 44. g6 Rg8 45. Rg4 Kc5 46. d6
Re8 47. e7 a6 48. Rg3 1-0

[Event "Staatsliga B/Mitte"]
[Site "St. Valentin"]
[Date "1999.01.23"]
[Round "6"]
[White "Kilgus, Georg"]
[Black "Hinteregger, Arthur"]
[Result "1-0"]
[WhiteElo "2210"]
[BlackElo "2160"]
[PlyCount "59"]
[EventDate "1998.11.27"]

1. Nf3 e6 2. c4 f5 3. d4 Nf6 4. Nc3 Be7 5. e3 O-O 6. Be2 b6 7. O-O Bb7 8. Bd2
Qe8 9. Ne1 d6 10. f3 e5 11. d5 g5 12. f4 gxf4 13. exf4 e4 14. Nc2 c5 15. a4 a5
16. Nb5 Na6 17. Ra3 h6 18. Rh3 Kh7 19. Ne3 Bc8 20. Bc3 Qf7 21. Kh1 Rg8 22. Bxf6
Qxf6 23. g4 fxg4 24. Bxg4 Bf8 25. Nc3 Qd4 26. Be6 Bxe6 27. dxe6 Nb4 28. f5 Bg7
29. f6 Bxf6 30. Nf5 1-0

[Event "Staatsliga B/Mitte"]
[Site "St. Valentin"]
[Date "1999.01.23"]
[Round "6"]
[White "Gottsmann, Herbert"]
[Black "Wirius, Johannes"]
[Result "0-1"]
[WhiteElo "2145"]
[BlackElo "2235"]
[PlyCount "88"]
[EventDate "1998.11.27"]

1. e4 c5 2. d3 Nc6 3. g3 g6 4. Bg2 Bg7 5. f4 e6 6. Nf3 Nge7 7. O-O O-O 8. c3 b5
9. Be3 d6 10. e5 Bb7 11. exd6 Qxd6 12. Na3 a6 13. Qe2 Nd5 14. Bf2 Rfd8 15. Ng5
b4 16. Nc4 Qc7 17. Ne4 bxc3 18. bxc3 Nxc3 19. Nxc3 Bxc3 20. Rab1 Nd4 21. Bxd4
Bxd4+ 22. Kh1 Rab8 23. Bxb7 Rxb7 24. Qe4 Rxb1 25. Rxb1 Rb8 26. Re1 Kg7 27. Kg2
Qd7 28. g4 Qa4 29. Qe2 Qc6+ 30. Qf3 Qd7 31. Qe4 Qd5 32. Kg3 Rb4 33. h3 h6 34.
Qxd5 exd5 35. Nd6 Rb6 36. Ne8+ Kf8 37. Nc7 Rb2 38. Re8+ Kg7 39. Ra8 c4 40. dxc4
dxc4 41. Ne8+ Kh7 42. Nd6 c3 43. Nxf7 c2 44. Rc8 Be3 0-1

[Event "Staatsliga B/Mitte"]
[Site "St. Valentin"]
[Date "1999.01.23"]
[Round "6"]
[White "Kranzl, Peter"]
[Black "Wuppinger, Manfred"]
[Result "1/2-1/2"]
[WhiteElo "2280"]
[BlackElo "2185"]
[PlyCount "45"]
[EventDate "1998.11.27"]

1. e4 Nf6 2. e5 Nd5 3. Nf3 d6 4. d4 Bg4 5. Be2 Nc6 6. c4 Nb6 7. exd6 exd6 8.
O-O Be7 9. Be3 O-O 10. Nbd2 Bf6 11. Rc1 Re8 12. Re1 Qd7 13. a3 Re7 14. b4 Rae8
15. Nb3 Qf5 16. b5 Nd8 17. Qd2 d5 18. Na5 dxc4 19. Nxc4 Nd5 20. a4 Nxe3 21.
Nxe3 Qe4 22. Nxg4 Qxg4 23. Bf1 1/2-1/2

[Event "Staatsliga B/Mitte"]
[Site "St. Valentin"]
[Date "1999.01.23"]
[Round "6"]
[White "Hager, Herbert"]
[Black "Loeffler, Christoph"]
[Result "0-1"]
[WhiteElo "2205"]
[BlackElo "2055"]
[PlyCount "66"]
[EventDate "1998.11.27"]

1. e4 c6 2. d4 d5 3. e5 Bf5 4. g4 Bg6 5. Nc3 e6 6. Nh3 c5 7. Bg5 Qa5 8. Bb5+
Nc6 9. dxc5 Bxc5 10. O-O Nge7 11. Re1 a6 12. Bf1 Qc7 13. Bf4 h5 14. Ng5 hxg4
15. a3 Bf5 16. Bd3 g6 17. Rc1 b5 18. Kg2 Rh5 19. Be2 Bd4 20. Bxg4 Bxg4 21. Qxg4
Bxc3 22. bxc3 Nf5 23. c4 Rh4 24. Qd1 Rxf4 25. cxd5 Rd4 26. Qe2 Rxd5 27. f4 Rad8
28. Ne4 Kf8 29. c4 Ncd4 30. Qb2 bxc4 31. Qb4+ Qe7 32. Rxc4 Qxb4 33. Rxb4 Nc2
0-1

[Event "Staatsliga B/Mitte"]
[Site "St. Valentin"]
[Date "1999.01.23"]
[Round "6"]
[White "Ager, Josef"]
[Black "Rotstein, Arkadij"]
[Result "1/2-1/2"]
[WhiteElo "2330"]
[BlackElo "2515"]
[PlyCount "101"]
[EventDate "1998.11.27"]

1. d4 Nf6 2. c4 e6 3. g3 d5 4. Bg2 c5 5. cxd5 exd5 6. Nf3 Nc6 7. O-O Be7 8. Nc3
O-O 9. Bg5 c4 10. Ne5 Be6 11. Rc1 Rc8 12. Qd2 h6 13. Bxf6 Bxf6 14. Nxc6 bxc6
15. Na4 Bf5 16. b3 cxb3 17. axb3 Be7 18. Nc5 Re8 19. e3 Qb6 20. Qa2 a5 21. Rc3
Ra8 22. Rfc1 Qb4 23. Bf1 Bxc5 24. Rxc5 a4 25. bxa4 Rxa4 26. Qe2 Bd7 27. R5c2
Rb8 28. Qh5 Qe7 29. Bh3 Be8 30. Qf5 Ra3 31. Re2 Rb4 32. Rce1 g6 33. Qc2 Bd7 34.
Bxd7 Qxd7 35. Qc5 Raa4 36. Rc2 Rc4 37. Rxc4 Rxc4 38. Qb6 Rc2 39. Qb8+ Kh7 40.
Qf4 Kg7 41. Kg2 Qe6 42. Ra1 g5 43. Qf3 Kg6 44. h3 h5 45. Ra8 f5 46. Rh8 g4 47.
hxg4 hxg4 48. Qf4 Qe4+ 49. Qxe4 fxe4 50. Rg8+ Kf5 51. Rf8+ 1/2-1/2

[Event "Staatsliga B/Mitte"]
[Site "St. Valentin"]
[Date "1999.01.23"]
[Round "6"]
[White "Kreindl, Helmut"]
[Black "Riediger, Martin"]
[Result "1-0"]
[WhiteElo "2270"]
[BlackElo "2210"]
[PlyCount "75"]
[EventDate "1998.11.27"]

1. e4 c6 2. d4 d5 3. e5 Bf5 4. Nc3 h5 5. Bd3 Bxd3 6. Qxd3 e6 7. Be3 Ne7 8. Nge2
Nd7 9. O-O Nf5 10. Ng3 g6 11. Nxf5 exf5 12. Ne2 Be7 13. Nf4 Nf8 14. c4 g5 15.
Ne2 f4 16. Bd2 dxc4 17. Qxc4 Ne6 18. Rfd1 Qd5 19. Qxd5 cxd5 20. Rac1 O-O 21.
Rc2 Rad8 22. h4 f6 23. hxg5 fxg5 24. f3 Kg7 25. Ba5 Rd7 26. Rdc1 g4 27. Rc8 Rf5
28. Ra8 Bh4 29. Rcc8 b6 30. Bd2 Bd8 31. Rc6 gxf3 32. gxf3 Rg5+ 33. Kf2 Rg6 34.
Rxe6 Rxe6 35. Nxf4 Re8 36. Nxh5+ Kf7 37. Ke2 Bc7 38. Rxa7 1-0

[Event "Staatsliga B/Mitte"]
[Site "St. Valentin"]
[Date "1999.01.23"]
[Round "6"]
[White "Fruehauf, Norbert Ing."]
[Black "Steigerstorfer, Erich"]
[Result "0-1"]
[WhiteElo "2150"]
[BlackElo "2230"]
[PlyCount "124"]
[EventDate "1998.11.27"]

1. e4 c6 2. d4 d5 3. Nc3 dxe4 4. Nxe4 Bf5 5. Ng3 Bg6 6. h4 h6 7. Nf3 Nd7 8. h5
Bh7 9. Bd3 Bxd3 10. Qxd3 e6 11. Bd2 Ngf6 12. O-O-O Qc7 13. Ne4 Be7 14. Kb1
O-O-O 15. g3 c5 16. Bf4 Qc6 17. Nxf6 Bxf6 18. dxc5 Nxc5 19. Qa3 a6 20. Ne5 Bxe5
21. Bxe5 f6 22. Bf4 Rd7 23. Rhe1 Rhd8 24. Rxd7 Rxd7 25. Be3 Rd5 26. g4 e5 27.
c4 Rd4 28. Bxd4 exd4 29. b4 Ne4 30. b5 axb5 31. cxb5 Nc3+ 32. Ka1 Nxb5 33. Qa8+
Kc7 34. Qa5+ b6 35. Qb4 Kb7 36. Rb1 Nc3 37. Rc1 Qc5 38. Qb3 Qe5 39. Qc2 b5 40.
Qb3 Ka6 41. Qa3+ Kb6 42. Qb4 d3 43. Qb2 d2 44. Qxd2 Ne2+ 45. Kb1 Nxc1 46. Qxc1
Qe4+ 47. Kb2 Qb4+ 48. Ka1 Qd4+ 49. Kb1 Qxg4 50. Qe3+ Kc6 51. Qe8+ Kc5 52. Qe7+
Kc6 53. Qe8+ Qd7 54. Qa8+ Kd6 55. Qa3+ Ke6 56. Qh3+ f5 57. Qe3+ Kf6 58. Kb2 Qe6
59. Qf3 Qe4 60. Qd1 Qb4+ 61. Ka1 Kg5 62. Qe2 Qd4+ 0-1

[Event "Staatsliga B/Mitte"]
[Site "St. Valentin"]
[Date "1999.01.23"]
[Round "6"]
[White "Hertneck, Gerald"]
[Black "Farago, Ivan"]
[Result "1-0"]
[WhiteElo "2555"]
[BlackElo "2530"]
[PlyCount "83"]
[EventDate "1998.11.27"]

1. d4 Nf6 2. Nf3 e6 3. c4 b6 4. g3 Ba6 5. Nbd2 Bb4 6. Qc2 Bb7 7. Bg2 c5 8. dxc5
Bxc5 9. O-O Be7 10. e4 d6 11. Nd4 Qc8 12. b3 O-O 13. Ba3 Nbd7 14. f4 Re8 15. f5
e5 16. Nb5 d5 17. Bxe7 Rxe7 18. b4 d4 19. Nd6 Qc6 20. Nxb7 Ng4 21. c5 Qxb7 22.
c6 Qc7 23. Rfc1 Ne3 24. Qd3 Nf6 25. a4 Rb8 26. b5 g6 27. Bh3 Rd8 28. Ra2 gxf5
29. Bxf5 Rd6 30. Bh3 a5 31. Nb3 Ne8 32. Rb2 Rh6 33. Bf1 Qa7 34. Re2 Qc7 35. Nd2
Nd6 36. Rxe3 dxe3 37. Qxe3 Rg6 38. Bh3 f6 39. Nb1 Kh8 40. Nc3 Reg7 41. Nd5 Qf7
42. c7 1-0

[Event "Staatsliga B/Mitte"]
[Site "St. Valentin"]
[Date "1999.01.23"]
[Round "6"]
[White "Heimberger, Reinhard Ing."]
[Black "Ankerst, Michael"]
[Result "0-1"]
[WhiteElo "2280"]
[BlackElo "2330"]
[PlyCount "66"]
[EventDate "1998.11.27"]

1. c4 g6 2. Nc3 Bg7 3. g3 e5 4. Bg2 d6 5. e3 h5 6. h4 Nf6 7. Nge2 O-O 8. d4
Nbd7 9. d5 Re8 10. e4 a5 11. Bg5 Nc5 12. Qd2 c6 13. O-O cxd5 14. Bxf6 Bxf6 15.
Nxd5 Bg7 16. Rad1 Bg4 17. f3 Be6 18. b3 Nd7 19. Nec3 Rc8 20. Nb5 Rc6 21. Kh2
Kh7 22. Na7 Ra6 23. Nb5 Bh6 24. Qc2 Rg8 25. Ndc7 g5 26. Nxe6 fxe6 27. hxg5 Qxg5
28. Qf2 Qe7 29. Rh1 h4 30. gxh4 Nf6 31. Kg1 Nh5 32. Nc3 Nf4 33. Rh2 Rxg2+ 0-1

[Event "Staatsliga B/Mitte"]
[Site "St. Valentin"]
[Date "1999.01.23"]
[Round "6"]
[White "Opl, Klaus Dr."]
[Black "Trauner, Rudolf Mag."]
[Result "1-0"]
[WhiteElo "2330"]
[BlackElo "2255"]
[PlyCount "85"]
[EventDate "1998.11.27"]

1. e4 e6 2. d4 d5 3. e5 b6 4. c4 Bb7 5. Nf3 Bb4+ 6. Nc3 Ne7 7. a3 Bxc3+ 8. bxc3
c5 9. dxc5 bxc5 10. Be3 Qc7 11. Rb1 Nd7 12. Bd3 Rb8 13. O-O dxc4 14. Bxc4 Nd5
15. Bd2 O-O 16. Re1 Rfd8 17. Bd3 c4 18. Bc2 Nf8 19. Nd4 Ba8 20. Qe2 Ng6 21. Qh5
Rxb1 22. Bxb1 Rb8 23. Bc2 Qb7 24. Qh3 Qc7 25. Bxg6 hxg6 26. Nf3 Ne7 27. Ng5 Nf5
28. Be3 Nh6 29. Bd4 Qe7 30. Qh4 Qxa3 31. h3 a5 32. Ba7 Qxc3 33. Rd1 Rc8 34. Qf4
Qb3 35. Rd7 Qb1+ 36. Kh2 Qf5 37. Qxc4 Re8 38. f4 Bd5 39. Qa4 Rc8 40. Rc7 Ra8
41. Be3 Rf8 42. Qd7 Qd3 43. Rc8 1-0

[Event "Staatsliga B/Mitte"]
[Site "St. Valentin"]
[Date "1999.01.23"]
[Round "6"]
[White "Tober, Gerhard"]
[Black "Eichler, Christoph"]
[Result "1/2-1/2"]
[WhiteElo "2210"]
[BlackElo "2255"]
[PlyCount "104"]
[EventDate "1998.11.27"]

1. e4 g6 2. d4 Bg7 3. Nc3 c6 4. a4 d5 5. Be3 Nf6 6. f3 dxe4 7. Nxe4 Nxe4 8.
fxe4 e5 9. dxe5 Qh4+ 10. Bf2 Qxe4+ 11. Qe2 Qxe5 12. Qxe5+ Bxe5 13. O-O-O Be6
14. Nf3 Bf4+ 15. Kb1 O-O 16. Nd4 Rd8 17. Re1 Bd5 18. c4 c5 19. cxd5 cxd4 20.
Bxd4 Nc6 21. dxc6 Rxd4 22. cxb7 Rb8 23. Bb5 Rxb7 24. g3 Bg5 25. Rd1 Rb4 26. Rd6
Be7 27. Ra6 Bc5 28. Rc1 Bb6 29. Rc2 Re7 30. Ka2 Re1 31. Bc4 Bd4 32. Rd6 Bc5 33.
Rd8+ Kg7 34. Bb3 Re3 35. Rc3 Rxc3 36. bxc3 Re4 37. Rd2 h5 38. Kb2 h4 39. Kc2 f5
40. Rd7+ Kf6 41. Rd3 Re2+ 42. Rd2 Rxd2+ 43. Kxd2 h3 44. Ke2 Bg1 45. Kf3 Bxh2
46. Bc4 g5 47. g4 Be5 48. Bd5 Bxc3 49. Kg3 Ke5 50. Bb7 fxg4 51. Kxg4 h2 52. Kh3
a6 1/2-1/2

[Event "Staatsliga B/Mitte"]
[Site "St. Valentin"]
[Date "1999.01.23"]
[Round "6"]
[White "Dornauer, Joachim"]
[Black "Hamberger, Hermann"]
[Result "1/2-1/2"]
[WhiteElo "2160"]
[BlackElo "2170"]
[PlyCount "46"]
[EventDate "1998.11.27"]

1. d4 Nf6 2. c4 c5 3. d5 b5 4. cxb5 a6 5. b6 d6 6. Nc3 Nbd7 7. e4 g6 8. Nf3 Bg7
9. Be2 O-O 10. O-O Qxb6 11. h3 Ne8 12. Nd2 Qb8 13. Nc4 Nb6 14. Na5 Bd7 15. Bg4
e6 16. dxe6 fxe6 17. Qb3 Nc7 18. Be3 h5 19. Bf3 Be5 20. Be2 Nb5 21. Nc4 Nxc3
22. bxc3 Nxc4 23. Bxc4 Qxb3 1/2-1/2

[Event "Staatsliga B/Mitte"]
[Site "St. Valentin"]
[Date "1999.01.23"]
[Round "6"]
[White "Beim, Valery"]
[Black "Schmidt, Peter"]
[Result "1-0"]
[WhiteElo "2565"]
[BlackElo "2340"]
[PlyCount "77"]
[EventDate "1998.11.27"]

1. c4 c5 2. Nf3 g6 3. d4 cxd4 4. Nxd4 Bg7 5. e4 Nc6 6. Be3 Nf6 7. Nc3 d6 8. Be2
O-O 9. O-O Bd7 10. Qd2 Nxd4 11. Bxd4 Bc6 12. f3 a5 13. Rfd1 Nd7 14. Be3 a4 15.
b4 axb3 16. axb3 Rxa1 17. Rxa1 Nc5 18. Rb1 Qa5 19. Nd5 Qd8 20. b4 Na4 21. Rc1
Re8 22. Bd1 e6 23. Bxa4 Bxa4 24. Nb6 Bb3 25. Qd3 d5 26. c5 Ba2 27. Qc2 Bc4 28.
Nxc4 dxc4 29. Qxc4 Be5 30. f4 Bc7 31. b5 Qf6 32. e5 Qf5 33. Qc2 Qg4 34. Qd1 Qh4
35. b6 Bb8 36. Qd7 Rd8 37. Qxb7 Kg7 38. Qf3 Rd3 39. c6 1-0

[Event "Staatsliga B/Mitte"]
[Site "St. Valentin"]
[Date "1999.01.23"]
[Round "6"]
[White "Denk, Adolf"]
[Black "Tscholowitsch, Christian"]
[Result "1-0"]
[WhiteElo "2265"]
[BlackElo "2200"]
[PlyCount "75"]
[EventDate "1998.11.27"]

1. e4 c5 2. Nf3 e6 3. d4 cxd4 4. Nxd4 a6 5. Bd3 Nf6 6. O-O Qc7 7. c4 Nc6 8.
Nxc6 dxc6 9. Nc3 e5 10. Rb1 Be7 11. b4 O-O 12. Qc2 Be6 13. f3 b5 14. c5 a5 15.
a3 Rfd8 16. Be3 a4 17. Be2 Nd7 18. Qb2 f5 19. exf5 Bxf5 20. Rbd1 Nf8 21. Ne4
Rxd1 22. Rxd1 Bxe4 23. fxe4 Bf6 24. Rd6 Rd8 25. Qa2+ Kh8 26. Qd2 Be7 27. Rxd8
Qxd8 28. Qxd8 Bxd8 29. Bg4 Bf6 30. Bc8 Ng6 31. Be6 Ne7 32. Kf2 g6 33. Bh6 Ng8
34. Bf8 Bg7 35. Bd6 Nf6 36. Kf3 Bh6 37. Bxe5 Kg7 38. Bb2 1-0

[Event "Staatsliga B/Mitte"]
[Site "St. Valentin"]
[Date "1999.01.23"]
[Round "6"]
[White "Doppelhammer, Herbert"]
[Black "Humer, Wolfgang"]
[Result "1/2-1/2"]
[WhiteElo "2130"]
[BlackElo "2280"]
[PlyCount "73"]
[EventDate "1998.11.27"]

1. d4 Nf6 2. Nf3 d6 3. h3 c5 4. c3 b6 5. Bf4 Ba6 6. Nbd2 g6 7. e3 Bxf1 8. Nxf1
Bg7 9. N1d2 O-O 10. O-O Nc6 11. Bh2 Qd7 12. Qe2 Rfc8 13. Qd3 cxd4 14. exd4 b5
15. Rfe1 Rab8 16. a3 Na5 17. Re2 Rb7 18. Rae1 Qd8 19. Ng5 h6 20. Nge4 Nxe4 21.
Qxe4 Rcc7 22. Qh4 Nc4 23. Nxc4 bxc4 24. f3 Kh7 25. Bf4 Rb5 26. Bc1 Rh5 27. Qg3
Bf6 28. Qf2 Bh4 29. g3 Bf6 30. Qg2 Rb5 31. f4 e6 32. Qf3 Kg7 33. Re4 Kg8 34.
R4e2 Bg7 35. Kg2 Kh7 36. Rd1 Re7 37. Qc6 1/2-1/2

[Event "Staatsliga B/Mitte"]
[Site "St. Valentin"]
[Date "1999.01.23"]
[Round "6"]
[White "Uhlmann, Wolfgang"]
[Black "Haba, Petr"]
[Result "1/2-1/2"]
[WhiteElo "2460"]
[BlackElo "2515"]
[PlyCount "51"]
[EventDate "1998.11.27"]

1. c4 d6 2. d4 e5 3. Nf3 e4 4. Nfd2 Nf6 5. e3 g6 6. Nc3 Qe7 7. Qa4+ c6 8. Nd5
Nxd5 9. cxd5 Bd7 10. Qb3 Bf5 11. dxc6 Nxc6 12. d5 Ne5 13. Bb5+ Kd8 14. Be2 Bg7
15. O-O h5 16. Nc4 Bg4 17. Re1 Bxe2 18. Rxe2 Rc8 19. Nxe5 Bxe5 20. Bd2 Kc7 21.
Rc1+ Kb8 22. Ree1 f5 23. Rc6 Ka8 24. Rc2 Rxc2 25. Qxc2 Kb8 26. Rc1 1/2-1/2

[Event "Staatsliga B/Mitte"]
[Site "St. Valentin"]
[Date "1999.01.23"]
[Round "6"]
[White "Mayr, Klaus Dr."]
[Black "Wegener, Dirk"]
[Result "1/2-1/2"]
[WhiteElo "2310"]
[BlackElo "2305"]
[PlyCount "89"]
[EventDate "1998.11.27"]

1. e4 e6 2. d4 d5 3. exd5 exd5 4. Bd3 Nc6 5. c3 Bd6 6. Qf3 Be6 7. Bf4 Bxf4 8.
Qxf4 Nge7 9. Nf3 Ng6 10. Qg3 Qf6 11. Bxg6 Qxg6 12. Qxg6 hxg6 13. Nbd2 f6 14. h4
Kf7 15. O-O-O a5 16. Rde1 a4 17. Re3 a3 18. b4 Na7 19. Rhe1 Rhe8 20. Nb3 b6 21.
Ng1 Nb5 22. f3 Nd6 23. g4 Bd7 24. Rxe8 Bxe8 25. Nh3 Ba4 26. Nf4 Bxb3 27. axb3
c6 28. Kc2 Nb5 29. Ra1 Rh8 30. Kd3 g5 31. hxg5 fxg5 32. c4 gxf4 33. cxb5 cxb5
34. Rxa3 Re8 35. Ra7+ Kf6 36. Rd7 Re3+ 37. Kc2 Rxf3 38. Rxd5 g5 39. Rf5+ Kg6
40. Rxb5 Rg3 41. Rxb6+ Kf7 42. Rb7+ Ke6 43. Rb6+ Ke7 44. Rb7+ Ke6 45. Rb6+
1/2-1/2

[Event "Staatsliga B/Mitte"]
[Site "St. Valentin"]
[Date "1999.01.23"]
[Round "6"]
[White "Baumgartner, Heinz"]
[Black "Brandstaetter, Friedrich"]
[Result "1/2-1/2"]
[WhiteElo "2300"]
[BlackElo "2135"]
[PlyCount "63"]
[EventDate "1998.11.27"]

1. Nf3 Nf6 2. g3 b6 3. Bg2 Bb7 4. O-O c5 5. d3 g6 6. e4 d6 7. Nc3 Bg7 8. Re1
Nc6 9. d4 cxd4 10. Nxd4 Nxd4 11. Qxd4 O-O 12. Qd1 Qc7 13. Nd5 Nxd5 14. exd5 e5
15. dxe6 Bxg2 16. e7 Rfe8 17. Kxg2 Rxe7 18. Rxe7 Qxe7 19. c3 Re8 20. Be3 Qe4+
21. Kg1 Be5 22. Qd2 h5 23. Re1 Qc6 24. Rd1 h4 25. f4 Bg7 26. Kf2 Qe4 27. Re1 h3
28. Kg1 d5 29. Qf2 Qd3 30. Qd2 Qe4 31. Qf2 Qd3 32. Qd2 1/2-1/2

[Event "Staatsliga B/Mitte"]
[Site "St. Valentin"]
[Date "1998.01.24"]
[Round "7"]
[White "Bischoff, Klaus"]
[Black "Weiss, Christian"]
[Result "1/2-1/2"]
[WhiteElo "2550"]
[BlackElo "2370"]
[PlyCount "73"]
[EventDate "1998.11.27"]

1. d4 Nf6 2. Nf3 c5 3. d5 b5 4. c4 Bb7 5. a4 bxc4 6. Nc3 e6 7. e4 exd5 8. exd5
d6 9. Bxc4 Be7 10. O-O O-O 11. Re1 Nbd7 12. a5 Ng4 13. Bf4 Nge5 14. Nxe5 Nxe5
15. Bxe5 dxe5 16. Ne4 Bd6 17. Qh5 g6 18. Qh6 f5 19. Ng5 Qd7 20. a6 Bc8 21. Rxe5
Qg7 22. Qxg7+ Kxg7 23. Re2 Rh8 24. Rae1 Bd7 25. Nf3 Rhe8 26. Ne5 Bxe5 27. Rxe5
Rxe5 28. Rxe5 Kf6 29. f4 Re8 30. Rxe8 Bxe8 31. d6 Bd7 32. Kf2 Be6 33. Bb5 Bd5
34. Bd7 Be6 35. Bb5 Bd5 36. Bd7 Be6 37. Bb5 1/2-1/2

[Event "Staatsliga B/Mitte"]
[Site "St. Valentin"]
[Date "1998.01.24"]
[Round "7"]
[White "Klundt, Klaus"]
[Black "Kranzl, Peter"]
[Result "1/2-1/2"]
[WhiteElo "2355"]
[BlackElo "2280"]
[PlyCount "79"]
[EventDate "1998.11.27"]

1. e4 c6 2. d4 d5 3. exd5 cxd5 4. c4 Nf6 5. Nc3 g6 6. Qb3 Bg7 7. cxd5 O-O 8.
Be2 a5 9. Nf3 Na6 10. Bg5 Nc7 11. Bxf6 Bxf6 12. O-O Ne8 13. Ne4 Bg7 14. Rfe1
Bf5 15. Nc5 Nd6 16. Ne5 Bc8 17. Rad1 Ra7 18. Bf3 Re8 19. h3 Bh6 20. a4 Qc7 21.
Ne4 Bf5 22. Nc3 Raa8 23. Bg4 Bxg4 24. Nxg4 Bg7 25. Ne5 Rac8 26. Rd2 Red8 27.
Rde2 h5 28. Nf3 Bf6 29. Ne5 Kg7 30. g3 Rh8 31. Kg2 Ra8 32. Ne4 Nxe4 33. Rxe4
Ra6 34. R4e3 Rb6 35. Qa2 Qd6 36. Rc3 Rd8 37. Rc5 Rb4 38. Rxa5 Rxd4 39. Nf3 Rxd5
40. Rxd5 1/2-1/2

[Event "Staatsliga B/Mitte"]
[Site "St. Valentin"]
[Date "1998.01.24"]
[Round "7"]
[White "Knoll, Hermann"]
[Black "Hager, Franz Dr."]
[Result "0-1"]
[WhiteElo "2325"]
[BlackElo "2240"]
[PlyCount "86"]
[EventDate "1998.11.27"]

1. Nf3 f5 2. g3 Nf6 3. Bg2 d6 4. d4 c6 5. O-O Qc7 6. c4 e5 7. Nc3 Be7 8. dxe5
dxe5 9. e4 O-O 10. Qb3 Na6 11. Qc2 f4 12. a3 Nc5 13. gxf4 exf4 14. b4 Ne6 15.
e5 Ng4 16. Qe2 Ng5 17. Re1 a5 18. Nxg5 Bxg5 19. Bf3 Nxe5 20. Qxe5 Qxe5 21. Rxe5
Bf6 22. Rxa5 Rxa5 23. bxa5 Bxc3 24. Rb1 Bxa5 25. h3 Re8 26. Bb2 Bxh3 27. Kh2
Bf5 28. Rg1 g6 29. Bc1 Be4 30. Bg4 Bc7 31. f3 Bd3 32. c5 Re2+ 33. Kh3 Rc2 34.
Rd1 Be2 35. Rd7 Be5 36. Bd2 Bf1+ 37. Kh2 Bc4 38. Kg1 Bd5 39. Bb4 h5 40. Rd8+
Kf7 41. Bc8 Bxf3 42. Bxb7 Bd5 43. Ba6 f3 0-1

[Event "Staatsliga B/Mitte"]
[Site "St. Valentin"]
[Date "1998.01.24"]
[Round "7"]
[White "Hinteregger, Arthur"]
[Black "Hager, Herbert"]
[Result "1-0"]
[WhiteElo "2160"]
[BlackElo "2205"]
[PlyCount "115"]
[EventDate "1998.11.27"]

1. e4 c5 2. Nf3 d6 3. d4 cxd4 4. Qxd4 Nc6 5. Bb5 Bd7 6. Bxc6 bxc6 7. O-O e5 8.
Qd3 Nf6 9. c4 Be7 10. Nc3 Qc7 11. Bg5 h6 12. Bh4 g5 13. Bg3 Nh5 14. Rfd1 Nf4
15. Bxf4 gxf4 16. c5 dxc5 17. Nxe5 Be6 18. Qa6 Rc8 19. Nf3 O-O 20. h3 Rfd8 21.
Qa4 Bf6 22. Qc2 Rb8 23. Rxd8+ Rxd8 24. Re1 c4 25. e5 Bg7 26. Qe4 Bd5 27. Qxf4
f6 28. Re3 Bxf3 29. Rxf3 fxe5 30. Qxc4+ Kh8 31. Qe6 Qd7 32. Qxd7 Rxd7 33. Ne4
Rd1+ 34. Kh2 Kg8 35. Rc3 Rd4 36. f3 Rb4 37. b3 Rb6 38. Kg1 Kf7 39. Kf1 Bf8 40.
Ke2 Ke6 41. Kd3 Be7 42. g4 Kd5 43. Ng3 Ra6 44. Rc2 Bg5 45. Nf5 c5 46. Ne3+ Bxe3
47. Kxe3 Rf6 48. h4 Rf7 49. Rc4 Rg7 50. Ra4 h5 51. g5 Rc7 52. Ra5 Rb7 53. Ra6
Rb4 54. g6 Rb7 55. Rf6 Rg7 56. f4 a5 57. f5 Rb7 58. Ra6 1-0

[Event "Staatsliga B/Mitte"]
[Site "St. Valentin"]
[Date "1998.01.24"]
[Round "7"]
[White "Wirius, Stefan"]
[Black "Juergens, Klaus"]
[Result "0-1"]
[WhiteElo "2285"]
[BlackElo "2235"]
[PlyCount "64"]
[EventDate "1998.11.27"]

1. d4 Nf6 2. Nf3 g6 3. c4 Bg7 4. Nc3 O-O 5. e4 d6 6. h3 e5 7. d5 a5 8. Be3 Na6
9. Nd2 Ne8 10. g4 f5 11. gxf5 gxf5 12. exf5 Bxf5 13. Nde4 Nf6 14. Bd3 Nxe4 15.
Nxe4 Kh8 16. Qh5 Bg6 17. Qg4 b5 18. Rg1 Nb4 19. Bb1 bxc4 20. Ng5 Qf6 21. Ne6
Bxb1 22. Rxb1 Nc2+ 23. Ke2 Nxe3 24. Qxg7+ Qxg7 25. Rxg7 Nxd5 26. Rbg1 Rg8 27.
Rxg8+ Rxg8 28. Rc1 Rg6 29. Nd8 Nb6 30. Nc6 a4 31. Ke3 Kg7 32. Ke4 d5+ 0-1

[Event "Staatsliga B/Mitte"]
[Site "St. Valentin"]
[Date "1998.01.24"]
[Round "7"]
[White "Wuppinger, Manfred"]
[Black "Tkaczuk, Rainer"]
[Result "0-1"]
[WhiteElo "2185"]
[BlackElo "2260"]
[PlyCount "118"]
[EventDate "1998.11.27"]

1. e4 g6 2. d4 Bg7 3. Be3 Nf6 4. Nc3 d5 5. e5 Ng4 6. Qf3 Nxe3 7. fxe3 c6 8. g4
h5 9. gxh5 Rxh5 10. Nge2 Qd7 11. Ng3 Rh4 12. Be2 Qg4 13. Qf2 Qg5 14. Rg1 Qh6
15. Nf1 Bf5 16. O-O-O Nd7 17. Kb1 O-O-O 18. Bd3 Bxd3 19. Rxd3 f5 20. Rxg6 Qxg6
21. Qxh4 Rh8 22. Qf2 Nf8 23. Ne2 Bh6 24. Nfg3 e6 25. Qe1 Bg5 26. Qb4 Qg7 27.
Nf1 Ng6 28. Ra3 a6 29. c4 Be7 30. c5 Bd8 31. Rd3 Qh6 32. Rb3 Rh7 33. Qe1 Rf7
34. Qg3 Bh4 35. Qg2 Qh5 36. a3 Qg4 37. Neg3 f4 38. exf4 Nxf4 39. Qd2 Ne2 40.
Ne3 Qg6+ 41. Ka2 Nxg3 42. hxg3 Bxg3 43. Qg2 Rg7 44. Qf3 Rg8 45. Rc3 Bxe5 46.
dxe5 d4 47. Rc4 dxe3 48. Qxe3 Rd8 49. Rd4 Rd5 50. Rxd5 cxd5 51. Qc3 Qe4 52. Kb3
d4 53. Qg3 Qe3+ 54. Qxe3 dxe3 55. Kc3 Kc7 56. Kd3 Kc6 57. Kxe3 Kxc5 58. b3 Kd5
59. Kf4 Kd4 0-1